| 000 | 00595nam a2200241Ia 4500 | ||
|---|---|---|---|
| 008 | 160803s9999 xx 000 0 und d | ||
| 020 | _a9780590939881 | ||
| 100 | _aGutman, Dan | ||
| 245 | 4 | _aThe kid who ran for President / | |
| 245 | _cDan Gutman. | ||
| 260 | _aNew York : | ||
| 260 | _bScholastic Inc. | ||
| 260 | _c1996 | ||
| 300 | _axii, 156 pages ; | ||
| 300 | _c20 cm. | ||
| 650 | _aElections -- | ||
| 650 | _aElections -- | ||
| 650 | _aPolitics, Practical -- | ||
| 650 | _xFiction. | ||
| 650 | _xJuvenile fiction. | ||
| 650 | _xJuvenile fiction. | ||
| 700 | _a730 | ||
| 999 |
_c299605 _d299605 |
||